000 00790nji a22002297a 4500
005 20100908150234.0
006 a|||||r|||||00| 0
007 sd ammalaaahaa
008 100830t xxu||||| |||| 00| 0 eng d
028 _aDB.7106
_bColumbia
035 _aGR-01354
040 _aSED
_cSED
100 _917455
_aThe Shadows
245 _aShindig /
_cby The Shadows
_h[sound recording] :
260 _aDum Dum, India
_bColumbia
_c1963
300 _a1 sound disc [Gramophone Recording]:
_banalog, 33 1/3 rpm
_c9.5 in. (MP)
_fGramophone Record
500 _aBrief Record
505 _aSide-2 (It's been a blue day) (The Shadows)
650 _aClassical Music
_zIndia
_91186
_xExcerpts
942 _2ddc
_cGR
999 _c44567
_d44567